000 00657nam a22001937a 4500
005 20251108171051.0
008 250721s1997 xx 000 0 ara d
082 1 4 _aط/387/ماي
100 1 _aماينرد، كويستوفر
245 1 0 _aلماذا للطائرات أجنحة وغيرها من الأسئلة حول وسائل النقل /
264 1 _aبيروت :
_bالدار العربية للعلوم،
_c1997.
300 _a31ص
490 0 _aلماذا
650 1 7 _aالنقل
653 _aاطفال مرحلة متوسطة (6-9) سنوات
700 1 _aسماحة، ناتالي
_eترجمة
942 _2ddc
_cBK
999 _c55764
_d55764